000 00639nam a22001575i 4500
001 157522
003 ES-MaACL
005 20230906210722.0
008 040811s1870 sp |||| | spa d
040 _aCAM
_bspa
_cCAM
100 1 _aLeón, Isidoro de.
_9128936
245 1 0 _aPrincipios administrativos
_b: lecciones basadas sobre los programas para las oposiciones de ingreso en los cuerpos de empleados de aduanas de la península y ultramar /
_cextractadas y escritas por Isidoro de Leon.
260 _aMadrid :
_b[s.n.],
_c1870 (
_fImprenta de M. Tello)
300 _a70, [1] p. ;
_c22 cm.
852 _aES-MaACL
_jC-3241
_z-- Enc. tela
999 _c157522
_d157522